Were They Elected? - Statistics

General Stats
  • This quiz has been taken 93 times
  • The average score is 11 of 15
Answer Stats
Question Answer % Correct
Nelson Mandela after Apartheid He was elected!
100%
Harry S. Truman after World War II He was elected!
100%
Mahatma Gandhi as India's leader after independence He was NOT elected!
100%
George Washington in his first term as president He was elected!
83%
Justin Trudeau as Prime Minister of Canada He was elected!
83%
Vladimir Putin as President of Russia in 2000 He was elected!
83%
Rodrigo Duterte as 2016 President of the Philippines He was elected!
83%
Napoleon Bonaparte in France He was NOT elected!
83%
Oliver Cromwell as Lord Protector of England He was NOT elected!
83%
Idi Amin as president of Uganda in 1971 He was NOT elected!
67%
Che Guevara as Revolutionary Leader of Cuba He was NOT elected!
67%
Julius Caesar as consul of Rome He was elected!
50%
Winston Churchill during World War II He was NOT elected!
50%
Adolf Hitler as chancellor of Germany in 1932 He was NOT elected!
33%
Mussolini as Prime Minister of Italy He was NOT elected!
33%
No matching quizzes found
Score Distribution
Percent of People with Each Score
Percentile by Number Answered
Your Score History
You have not taken this quiz